<?xml version="1.0" encoding="UTF-8"?>
<record
    xmlns:xsi="http://www.w3.org/2001/XMLSchema-instance"
    xsi:schemaLocation="http://www.loc.gov/MARC21/slim http://www.loc.gov/standards/marcxml/schema/MARC21slim.xsd"
    xmlns="http://www.loc.gov/MARC21/slim">

  <leader>00644nam a2200205 a 4500</leader>
  <controlfield tag="003">PILC</controlfield>
  <controlfield tag="005">20150810104414.0</controlfield>
  <controlfield tag="008">130416s                      000 0 eng d</controlfield>
  <datafield tag="020" ind1=" " ind2=" ">
    <subfield code="a">9781285073071</subfield>
  </datafield>
  <datafield tag="050" ind1="0" ind2="0">
    <subfield code="a">HF 5635</subfield>
    <subfield code="b">.W35 2014</subfield>
  </datafield>
  <datafield tag="100" ind1="1" ind2=" ">
    <subfield code="a">Warren, Carl S.</subfield>
  </datafield>
  <datafield tag="245" ind1="1" ind2="0">
    <subfield code="a">Accounting /</subfield>
    <subfield code="c">Carl S. Warren, James M. Reeve, Jonathan E. Duchac. </subfield>
  </datafield>
  <datafield tag="250" ind1=" " ind2=" ">
    <subfield code="a">25th ed.</subfield>
  </datafield>
  <datafield tag="260" ind1=" " ind2=" ">
    <subfield code="a">Australia :</subfield>
    <subfield code="b">South-Western/Cengage Learning,</subfield>
    <subfield code="c">2014.</subfield>
  </datafield>
  <datafield tag="300" ind1=" " ind2=" ">
    <subfield code="a">1 v. (various pagings) :</subfield>
    <subfield code="b">color illustrations ;</subfield>
    <subfield code="c">29 cm.</subfield>
  </datafield>
  <datafield tag="650" ind1=" " ind2="0">
    <subfield code="a">Accounting.</subfield>
  </datafield>
  <datafield tag="700" ind1="1" ind2=" ">
    <subfield code="a">Reeve, James M.,</subfield>
    <subfield code="d">1953-         </subfield>
  </datafield>
  <datafield tag="700" ind1="1" ind2=" ">
    <subfield code="a">Duchac, Jonathan E. </subfield>
  </datafield>
  <datafield tag="942" ind1=" " ind2=" ">
    <subfield code="2">lcc</subfield>
    <subfield code="c">BK</subfield>
    <subfield code="k">FOR</subfield>
  </datafield>
  <datafield tag="999" ind1=" " ind2=" ">
    <subfield code="c">288374</subfield>
    <subfield code="d">288374</subfield>
  </datafield>
  <datafield tag="952" ind1=" " ind2=" ">
    <subfield code="0">0</subfield>
    <subfield code="1">0</subfield>
    <subfield code="2">lcc</subfield>
    <subfield code="4">0</subfield>
    <subfield code="a">CL</subfield>
    <subfield code="b">CL</subfield>
    <subfield code="c">RES</subfield>
    <subfield code="d">2015-08-10</subfield>
    <subfield code="e">Library Fund</subfield>
    <subfield code="g">7038.00</subfield>
    <subfield code="k">RES</subfield>
    <subfield code="l">1</subfield>
    <subfield code="m">6</subfield>
    <subfield code="o">HF 5635 .W35 2014</subfield>
    <subfield code="p">C19695</subfield>
    <subfield code="r">2018-05-15 00:00:00</subfield>
    <subfield code="s">2016-07-19</subfield>
    <subfield code="w">2015-08-10</subfield>
    <subfield code="y">BK</subfield>
  </datafield>
</record>
